Normal view
MARC view
Entry Personal Name
001 - CONTROL NUMBER
- control field: 41762
003 - CONTROL NUMBER IDENTIFIER
- control field: dpl
005 - DATE AND TIME OF LATEST TRANSACTION
- control field: 20120213142233.0
008 - FIXED-LENGTH DATA ELEMENTS
- fixed length control field: 120213|||a|||||| | ||| d
040 ## - CATALOGING SOURCE
- Original cataloging agency: dpl
- Transcribing agency: dpl
100 ## - HEADING--PERSONAL NAME
- Personal name: Sha,Zhi Gang
670 ## - SOURCE DATA FOUND
- Source citation: Work cat.: (dpl)62525: Sha,Zhi Gang, Self healing with dr. and master sha /, 2011
670 ## - SOURCE DATA FOUND
- Source citation: Work cat.: (dpl)62525: Sha,Zhi Gang, Self healing with dr. and master sha /, 2011
